[Event "FRA T II 20102011"]
[Site "FRA"]
[Date "2010.10.17"]
[Round "1.7"]
[White "Villeseche, Yoann"]
[Black "Cardin, Thibaut"]
[Result "0-1"]
[WhiteElo "1929"]
[BlackElo "1710"]
[PlyCount "108"]
[EventDate "2010.11.13"]
[EventType "team-match"]
[EventRounds "9"]
[EventCountry "FRA"]
[Source "FFE"]
[SourceDate "2010.10.29"]
[WhiteTeamCountry "FRA"]
[BlackTeamCountry "FRA"]

1. e4 d5 2. exd5 Nf6 3. Bb5+ Bd7 4. Be2 Nxd5 5. d4 e6 6. Nf3 c5 7. c3 Qc7 8.
O-O Bd6 9. Na3 a6 10. Nc4 Be7 11. Nce5 cxd4 12. cxd4 Nc6 13. Nxc6 Bxc6 14. Ne5
O-O 15. Bd3 Bf6 16. Re1 Rfd8 17. Qh5 g6 18. Qg4 Nb4 19. Bb1 Bd5 20. Bf4 Qe7 21.
a3 Nc6 22. h4 Bxh4 23. Re3 h5 24. Qd1 Qf6 25. Bg3 Bxg3 26. Rxg3 Nxe5 27. Qxh5
Nf3+ 28. Rxf3 Bxf3 29. Qxf3 Qxf3 30. gxf3 Rxd4 31. Be4 Rb8 32. Rc1 Rd2 33. b4
Ra2 34. Rc3 b6 35. Bd3 a5 36. b5 Kf8 37. Kg2 Ke8 38. Bc4 Ra1 39. Bd3 Kd7 40.
Be4 Rc8 41. Rd3+ Ke7 42. Bc6 Rd8 43. Re3 Rad1 44. Be4 Rc1 45. f4 Rd4 46. f5
gxf5 47. Bxf5 Rf4 48. Be4 Rc4 49. f3 Rh4 50. Kg3 Rh5 51. Re2 Re5 52. Rb2 Rc3
53. Kf4 Rec5 54. a4 R3c4 0-1

[Event "FRA T II 20102011"]
[Site "FRA"]
[Date "2010.10.17"]
[Round "1.8"]
[White "Soissong, Elzbieta"]
[Black "Delaire, Eric"]
[Result "0-1"]
[WhiteElo "1693"]
[BlackElo "1831"]
[PlyCount "106"]
[EventDate "2010.11.13"]
[EventType "team-match"]
[EventRounds "9"]
[EventCountry "FRA"]
[Source "FFE"]
[SourceDate "2010.10.29"]
[WhiteTeamCountry "FRA"]
[BlackTeamCountry "FRA"]

1. d4 Nf6 2. Nf3 c5 3. c3 d5 4. e3 e6 5. Bd3 Nc6 6. Nbd2 Bd6 7. O-O O-O 8. dxc5
Bxc5 9. e4 d4 10. cxd4 Bxd4 11. Nxd4 Nxd4 12. Nc4 b5 13. Ne3 e5 14. Nc2 a6 15.
Bg5 Ne6 16. Be3 Bb7 17. f3 Qe7 18. Qe2 Rfd8 19. Rfd1 h6 20. Qf2 Rac8 21. Rac1
Nc5 22. Bf1 Rxd1 23. Rxd1 Na4 24. Ne1 Qe6 25. b3 Nc3 26. Rc1 Qd6 27. Nd3 Nd7
28. Qb2 b4 29. Qa1 a5 30. Nb2 Ba6 31. Nc4 Bxc4 32. Bxc4 Rxc4 33. bxc4 Ne2+ 34.
Kf2 Nxc1 35. Qxc1 Nc5 36. Qc2 Kf8 37. Ke2 Ke7 38. Qd2 Na4 39. Qxd6+ Kxd6 40.
Kd2 Nb2 41. Kc2 Nxc4 42. Bc1 Kc5 43. Kd3 Kb5 44. g3 Nb6 45. Bb2 f6 46. f4 Nd7
47. fxe5 Nxe5+ 48. Bxe5 fxe5 49. g4 a4 50. h4 g6 51. a3 bxa3 52. Kc3 Kc5 53. g5
h5 0-1

[Event "FRA T II 20102011"]
[Site "FRA"]
[Date "2010.10.17"]
[Round "1.5"]
[White "Cadiou, Jacques"]
[Black "Faber, Michel"]
[Result "0-1"]
[WhiteElo "2007"]
[BlackElo "2179"]
[PlyCount "98"]
[EventDate "2010.11.13"]
[EventType "team-match"]
[EventRounds "9"]
[EventCountry "FRA"]
[Source "FFE"]
[SourceDate "2010.10.29"]
[WhiteTeamCountry "FRA"]
[BlackTeamCountry "FRA"]

1. Nf3 c5 2. c4 Nc6 3. d4 cxd4 4. Nxd4 Qb6 5. Nb3 Nf6 6. Nc3 e6 7. e4 Bb4 8.
Be3 Qc7 9. f3 O-O 10. Rc1 d5 11. cxd5 exd5 12. Be2 dxe4 13. O-O exf3 14. Bxf3
Qe5 15. Re1 Rd8 16. Qe2 Be6 17. Qf2 Qf5 18. Bxc6 bxc6 19. Qxf5 Bxf5 20. Nd4 Bd7
21. a3 Bd6 22. Bg5 Bc5 23. Nce2 Bb6 24. Kf1 c5 25. Nb3 Rac8 26. Nd2 Bb5 27.
Bxf6 gxf6 28. Nc4 Bc7 29. g3 Re8 30. Kf2 Rcd8 31. b3 Rd3 32. Rb1 Bxc4 33. bxc4
Rxa3 34. Ra1 Ree3 35. Rxa3 Rxa3 36. Nf4 Be5 37. Nd5 Ra2+ 38. Kg1 Rc2 39. Ne7+
Kg7 40. Nc6 Bc3 41. Re7 a5 42. Ra7 Ra2 43. Nd8 a4 44. Nxf7 a3 45. Nd6+ Kg6 46.
Nb5 Bb4 47. Kh1 h5 48. Kg1 Kf5 49. Re7 Rc2 0-1

[Event "FRA T II 20102011"]
[Site "FRA"]
[Date "2010.10.17"]
[Round "1.5"]
[White "Deslias, Gregoire"]
[Black "Lelong, Eric"]
[Result "0-1"]
[WhiteElo "1960"]
[BlackElo "1954"]
[PlyCount "92"]
[EventDate "2010.11.13"]
[EventType "team-match"]
[EventRounds "9"]
[EventCountry "FRA"]
[Source "FFE"]
[SourceDate "2010.10.29"]
[WhiteTeamCountry "FRA"]
[BlackTeamCountry "FRA"]

1. d4 Nf6 2. c4 g6 3. Nc3 Bg7 4. e4 d6 5. Be2 O-O 6. Bg5 c5 7. d5 h6 8. Bf4 Qa5
9. Qd2 a6 10. f3 Kh7 11. Bd3 e6 12. Bxd6 Re8 13. Nge2 exd5 14. exd5 b5 15. cxb5
axb5 16. Nxb5 Qxd2+ 17. Kxd2 Nxd5 18. Be4 Bb7 19. Bxd5 Bxd5 20. Nec3 Bc6 21.
Kc2 Bxb5 22. Nxb5 Re2+ 23. Kd3 Rxb2 24. Rab1 Rxg2 25. a3 Nc6 26. Bxc5 Rd8+ 27.
Ke3 Re8+ 28. Kd3 Ra8 29. Ke3 Re8+ 30. Kd3 Ne5+ 31. Ke4 Nd7+ 32. Kd5 Rd2+ 33.
Bd4 Bxd4 34. Nxd4 Nf6+ 35. Kc5 Rc8+ 36. Nc6 Rc2+ 37. Kd4 R8xc6 38. Rb7 Rd6+ 39.
Ke5 Re6+ 40. Kd4 Kg7 41. Ra1 Rd6+ 42. Ke3 Rc3+ 43. Ke2 Ra6 44. a4 Rc4 45. a5
Rc5 46. Rb6 Rxb6 0-1

[Event "FRA T II 20102011"]
[Site "FRA"]
[Date "2010.10.17"]
[Round "1.7"]
[White "Thorel, Gregoire"]
[Black "El Fakkak, Radouan"]
[Result "1-0"]
[WhiteElo "1873"]
[BlackElo "1789"]
[PlyCount "87"]
[EventDate "2010.11.13"]
[EventType "team-match"]
[EventRounds "9"]
[EventCountry "FRA"]
[Source "FFE"]
[SourceDate "2010.10.29"]
[WhiteTeamCountry "FRA"]
[BlackTeamCountry "FRA"]

1. e4 e6 2. d4 d5 3. exd5 Qxd5 4. Nf3 Nf6 5. Nc3 Qd8 6. Bd3 c5 7. Bf4 a6 8. Ne2
Nc6 9. c3 Bd7 10. O-O Rc8 11. Ne5 cxd4 12. Nxc6 Bxc6 13. Nxd4 Be4 14. Qa4+ Bc6
15. Nxc6 Rxc6 16. Bxa6 Qb6 17. Bb5 Be7 18. Bxc6+ bxc6 19. Qa8+ Bd8 20. Be3 Qc7
21. Bc5 Nd7 22. Be3 O-O 23. Qa7 Qc8 24. Rad1 Nf6 25. Bg5 Bc7 26. Bxf6 gxf6 27.
Qd4 f5 28. Qf6 Qb8 29. Qg5+ Kh8 30. f4 Bd8 31. Qh6 Rg8 32. Rd2 Be7 33. Qh5 Rg6
34. Qf3 Qa7+ 35. Kh1 Qxa2 36. Qxc6 Kg7 37. Rfd1 Bf6 38. Qb7 e5 39. b3 Qa5 40.
Rd7 Kh6 41. Rxf7 Bg7 42. Qf3 Rg4 43. Rd6+ Kh5 44. Qh3+ 1-0

[Event "FRA T II 20102011"]
[Site "FRA"]
[Date "2010.10.17"]
[Round "1.6"]
[White "Pascal, Yann"]
[Black "Salmon, Jean Louis"]
[Result "0-1"]
[WhiteElo "1945"]
[BlackElo "1827"]
[PlyCount "88"]
[EventDate "2010.11.13"]
[EventType "team-match"]
[EventRounds "9"]
[EventCountry "FRA"]
[Source "FFE"]
[SourceDate "2010.10.29"]
[WhiteTeamCountry "FRA"]
[BlackTeamCountry "FRA"]

1. e4 e6 2. d4 d5 3. exd5 exd5 4. Bd3 Bd6 5. c3 c6 6. Ne2 Qc7 7. h3 Nf6 8. Qc2
Nbd7 9. Nd2 c5 10. c4 cxd4 11. Nxd4 Ne5 12. Nb5 Nxd3+ 13. Qxd3 Qe7+ 14. Qe2
Qxe2+ 15. Kxe2 Bb8 16. Re1 O-O 17. Kf1 Bf5 18. Kg1 Bd3 19. b3 a6 20. Na3 Ba7
21. Nf3 Be4 22. Ng5 Bd4 23. Nxe4 Nxe4 24. Be3 Bxa1 25. Rxa1 Rfd8 26. cxd5 Rxd5
27. Nc4 Rad8 28. Kf1 Rd1+ 29. Rxd1 Rxd1+ 30. Ke2 Nc3+ 31. Kf3 Nxa2 32. Na5 b5
33. Ke4 Nb4 34. Nb7 Rd5 35. Bb6 f5+ 36. Kf4 h6 37. h4 Nd3+ 38. Ke3 Nc1 39. Nc5
Kf7 40. b4 Na2 41. Nd3 g5 42. hxg5 hxg5 43. g4 f4+ 44. Ke4 Nc3+ 0-1

[Event "FRA T II 20102011"]
[Site "FRA"]
[Date "2010.10.17"]
[Round "1.7"]
[White "Le Du, Michel"]
[Black "Daumens, Michel"]
[Result "1/2-1/2"]
[WhiteElo "1941"]
[BlackElo "2154"]
[PlyCount "85"]
[EventDate "2010.11.13"]
[EventType "team-match"]
[EventRounds "9"]
[EventCountry "FRA"]
[Source "FFE"]
[SourceDate "2010.10.29"]
[WhiteTeamCountry "FRA"]
[BlackTeamCountry "FRA"]

1. e4 c5 2. Nc3 Nc6 3. g3 g6 4. Bg2 Bg7 5. d3 d6 6. Be3 Rb8 7. Qd2 b5 8. f4 Bd7
9. Nf3 b4 10. Nd1 Nf6 11. h3 O-O 12. O-O Qc7 13. g4 Ne8 14. f5 e6 15. fxg6 fxg6
16. Bh6 Nd4 17. Bxg7 Nxf3+ 18. Bxf3 Nxg7 19. Ne3 Rf7 20. Bg2 Rbf8 21. Rxf7 Rxf7
22. a3 a5 23. axb4 axb4 24. Nc4 e5 25. Ra8+ Ne8 26. Qg5 Kg7 27. Qd8 Qxd8 28.
Rxd8 Kf6 29. c3 bxc3 30. bxc3 g5 31. Rb8 Ke7 32. Rb6 Be6 33. Ne3 Kd8 34. Nf5
Kc7 35. Rb2 Nf6 36. d4 Rf8 37. dxe5 dxe5 38. Ng7 Bd7 39. Rf2 Kd8 40. Nf5 Kc7
41. Ne3 Be6 42. Bf1 Nd7 43. Bc4 1/2-1/2

[Event "FRA T II 20102011"]
[Site "FRA"]
[Date "2010.10.17"]
[Round "1.1"]
[White "David, Vincent"]
[Black "Heurtebize, Olivier"]
[Result "1-0"]
[WhiteElo "2421"]
[BlackElo "2236"]
[PlyCount "81"]
[EventDate "2010.11.13"]
[EventType "team-match"]
[EventRounds "9"]
[EventCountry "FRA"]
[Source "FFE"]
[SourceDate "2010.10.29"]
[WhiteTeamCountry "FRA"]
[BlackTeamCountry "FRA"]

1. d4 d5 2. c4 e6 3. Nc3 Nf6 4. cxd5 exd5 5. Bg5 Nbd7 6. e3 c6 7. Bd3 Be7 8.
Qc2 Nf8 9. Nge2 Ne6 10. Bh4 g6 11. f3 O-O 12. Rd1 b6 13. O-O c5 14. Bxf6 Bxf6
15. dxc5 bxc5 16. Be4 Rb8 17. Bxd5 Qa5 18. b3 Ba6 19. Ne4 Bg7 20. Nd6 Nc7 21.
Bc4 Nb5 22. Nxb5 Bxb5 23. Bxb5 Rxb5 24. Rd5 Re8 25. e4 Qb4 26. Nf4 Ra5 27. Kh1
Qa3 28. Rf2 Bd4 29. Re2 Rb5 30. g3 Qa6 31. Qc4 Qb7 32. Nd3 Ra5 33. Rc2 Qe7 34.
b4 Qf6 35. Kg2 Ra3 36. bxc5 Be3 37. e5 Qf5 38. Rd6 Re7 39. Re2 Bxc5 40. Rd8+
Kg7 41. g4 1-0

[Event "FRA T II 20102011"]
[Site "FRA"]
[Date "2010.10.17"]
[Round "1.7"]
[White "Tournay, Angelina"]
[Black "Gutscher, Marc Andre"]
[Result "0-1"]
[WhiteElo "1660"]
[BlackElo "1909"]
[PlyCount "82"]
[EventDate "2010.11.13"]
[EventType "team-match"]
[EventRounds "9"]
[EventCountry "FRA"]
[Source "FFE"]
[SourceDate "2010.10.29"]
[WhiteTeamCountry "FRA"]
[BlackTeamCountry "FRA"]

1. e4 e5 2. Nc3 Nf6 3. Bc4 Nc6 4. d3 Bb4 5. Nge2 d5 6. exd5 Nxd5 7. Bd2 Nxc3 8.
Nxc3 O-O 9. a3 Bc5 10. Ne4 Be7 11. O-O Bf5 12. Be3 Kh8 13. f4 exf4 14. Rxf4
Bxe4 15. dxe4 Bd6 16. Rxf7 Qh4 17. Rxf8+ Rxf8 18. g3 Bxg3 19. Qe2 Bd6 20. Qg2
Ne5 21. Be2 h6 22. Rf1 Rxf1+ 23. Kxf1 Qe7 24. Bd4 Bc5 25. c3 Bxd4 26. cxd4 Nc6
27. d5 Qf6+ 28. Bf3 Nd4 29. Kf2 g5 30. Qg4 Nxf3 31. Qxf3 Qxb2+ 32. Kg3 Qe5+ 33.
Kg4 Kg7 34. h3 c6 35. Qf5 Qxf5+ 36. Kxf5 cxd5 37. exd5 Kf7 38. d6 b5 39. d7 Ke7
40. Kg6 a5 41. Kxh6 b4 0-1

[Event "FRA T II 20102011"]
[Site "FRA"]
[Date "2010.10.17"]
[Round "1.3"]
[White "Guyader, Thierry"]
[Black "Lemeaux, David"]
[Result "0-1"]
[WhiteElo "2124"]
[BlackElo "2223"]
[PlyCount "80"]
[EventDate "2010.11.13"]
[EventType "team-match"]
[EventRounds "9"]
[EventCountry "FRA"]
[Source "FFE"]
[SourceDate "2010.10.29"]
[WhiteTeamCountry "FRA"]
[BlackTeamCountry "FRA"]

1. e4 c5 2. Nf3 e6 3. d4 cxd4 4. Nxd4 Nc6 5. Nc3 Qc7 6. g3 a6 7. Bg2 Nf6 8. O-O
d6 9. a4 Be7 10. Be3 Ne5 11. Qe1 Bd7 12. Rd1 Rc8 13. f4 Nc4 14. Bc1 O-O 15. Kh1
Rfd8 16. b3 Na5 17. Bb2 Nc6 18. Nf3 Be8 19. Qe2 Nd7 20. Nd2 Nd4 21. Qd3 Bf6 22.
Nc4 Nc5 23. Qd2 Ncxb3 24. cxb3 Nxb3 25. Qd3 Qxc4 26. Qxc4 Rxc4 27. e5 Be7 28.
exd6 Rxd6 29. Rxd6 Bxd6 30. Bxb7 Nc5 31. Bf3 Nxa4 32. Nxa4 Bxa4 33. Rf2 Rc2 34.
Kg2 Bb4 35. Rxc2 Bxc2 36. Kf2 a5 37. Ke3 f6 38. Kd4 Bb3 39. Be2 Kf7 40. g4 Bd6
0-1

[Event "FRA T II 20102011"]
[Site "FRA"]
[Date "2010.10.17"]
[Round "1.1"]
[White "Bouvier, Bruno"]
[Black "Todoran, Ion George"]
[Result "1-0"]
[WhiteElo "2261"]
[BlackElo "2202"]
[PlyCount "77"]
[EventDate "2010.11.13"]
[EventType "team-match"]
[EventRounds "9"]
[EventCountry "FRA"]
[Source "FFE"]
[SourceDate "2010.10.29"]
[WhiteTeamCountry "FRA"]
[BlackTeamCountry "FRA"]

1. e4 c5 2. Nf3 d6 3. d4 cxd4 4. Nxd4 Nf6 5. Nc3 g6 6. Be3 Bg7 7. f3 O-O 8. Qd2
Nc6 9. Bc4 Bd7 10. O-O-O Rb8 11. h4 Ne5 12. Bb3 b5 13. Nd5 Nxd5 14. Bxd5 Nc4
15. Bxc4 bxc4 16. h5 Qb6 17. c3 Qa5 18. a3 Rb7 19. hxg6 fxg6 20. Nc2 Rfb8 21.
Nb4 Ba4 22. Qd5+ Qxd5 23. Rxd5 Bb5 24. Rd2 a5 25. Nc2 e5 26. Bg5 d5 27. Rxd5 h6
28. Rd8+ Rxd8 29. Bxd8 Rd7 30. Bxa5 h5 31. Bb6 Ba4 32. Be3 Rd3 33. Bg5 h4 34.
Rxh4 Bf8 35. Rh1 Bc5 36. Rd1 Bxc2 37. Kxc2 Be3 38. Bxe3 Rxe3 39. Kd2 1-0

[Event "FRA T II 20102011"]
[Site "FRA"]
[Date "2010.10.17"]
[Round "1.2"]
[White "Passager, Jean Pierre"]
[Black "Bollore, Jacques"]
[Result "1/2-1/2"]
[WhiteElo "2226"]
[BlackElo "2124"]
[PlyCount "78"]
[EventDate "2010.11.13"]
[EventType "team-match"]
[EventRounds "9"]
[EventCountry "FRA"]
[Source "FFE"]
[SourceDate "2010.10.29"]
[WhiteTeamCountry "FRA"]
[BlackTeamCountry "FRA"]

1. d4 Nf6 2. c4 e6 3. Nf3 b6 4. g3 Bb7 5. Bg2 Bb4+ 6. Bd2 Qe7 7. O-O Ne4 8. Bf4
Bd6 9. Be3 Nc6 10. Nbd2 Nxd2 11. Qxd2 O-O 12. Rac1 Qe8 13. c5 Be7 14. Ne5 Nxe5
15. Bxb7 Rb8 16. Bg2 Ng6 17. cxb6 cxb6 18. Rc7 a5 19. d5 Bd6 20. Rc2 e5 21. f3
f5 22. Bf2 Qe7 23. Qd3 h5 24. e3 Bc5 25. g4 e4 26. fxe4 fxg4 27. d6 Qg5 28. e5
Nxe5 29. Qd5+ Kh8 30. e4 Bxf2+ 31. Rcxf2 Rxf2 32. Rxf2 Rc8 33. Rf1 h4 34. Rf5
Qe3+ 35. Kh1 g6 36. Qxe5+ Kg8 37. Qd5+ Kh8 38. Qe5+ Kg8 39. Qd5+ Kh8 1/2-1/2

[Event "FRA T II 20102011"]
[Site "FRA"]
[Date "2010.10.17"]
[Round "1.4"]
[White "Guidez, Yann Michael"]
[Black "Bodenez, Claire"]
[Result "1-0"]
[WhiteElo "2247"]
[BlackElo "2041"]
[PlyCount "75"]
[EventDate "2010.11.13"]
[EventType "team-match"]
[EventRounds "9"]
[EventCountry "FRA"]
[Source "FFE"]
[SourceDate "2010.10.29"]
[WhiteTeamCountry "FRA"]
[BlackTeamCountry "FRA"]

1. d4 d5 2. Bg5 g6 3. e3 Bg7 4. Nd2 Nf6 5. c3 O-O 6. Bd3 Nbd7 7. Ngf3 c5 8. O-O
Qb6 9. Rb1 c4 10. Bc2 Re8 11. b3 Qa6 12. Bxf6 Nxf6 13. Ne5 cxb3 14. Bxb3 Be6
15. f4 Red8 16. g4 Ne8 17. f5 gxf5 18. gxf5 Bc8 19. Qh5 Bxe5 20. dxe5 Ng7 21.
Qg5 f6 22. Qg2 Kh8 23. Bxd5 Nxf5 24. exf6 exf6 25. Rbe1 Qd3 26. e4 Ne7 27. Rf3
Qa6 28. Rg3 Be6 29. c4 Ng6 30. Kh1 Bxd5 31. cxd5 Qxa2 32. Rg1 Nf4 33. Qf2 Nh5
34. Rh3 Ng7 35. Qxf6 Rd7 36. Qg6 Nf5 37. Qxf5 Qa4 38. Qf6+ 1-0

[Event "FRA T II 20102011"]
[Site "FRA"]
[Date "2010.10.17"]
[Round "1.2"]
[White "Briquet, Jean Pierre"]
[Black "Gilbert, Christophe"]
[Result "1-0"]
[WhiteElo "2049"]
[BlackElo "2106"]
[PlyCount "75"]
[EventDate "2010.11.13"]
[EventType "team-match"]
[EventRounds "9"]
[EventCountry "FRA"]
[Source "FFE"]
[SourceDate "2010.10.29"]
[WhiteTeamCountry "FRA"]
[BlackTeamCountry "FRA"]

1. d4 d5 2. Nf3 Nf6 3. c4 e6 4. Nc3 c6 5. e3 Nbd7 6. Bd3 dxc4 7. Bxc4 b5 8. Bd3
a6 9. e4 b4 10. Ne2 c5 11. O-O Bb7 12. e5 Nd5 13. Nf4 Be7 14. Nxd5 Bxd5 15. Qe2
cxd4 16. Nxd4 Nc5 17. Rd1 Nxd3 18. Qxd3 h5 19. Qg3 g6 20. Nc6 Bh4 21. Qf4 Qg5
22. Qxg5 Bxg5 23. Nxb4 Bxc1 24. Raxc1 Kd7 25. Nxd5 exd5 26. Rxd5+ Ke6 27. Ra5
Rhd8 28. Rc6+ Ke7 29. g3 Rd2 30. b3 Re2 31. Kf1 Rb2 32. Raxa6 Rd8 33. Rd6 Rc8
34. Ra7+ Ke8 35. Rdd7 Rc1+ 36. Kg2 Rxa2 37. Re7+ Kd8 38. Rxf7 1-0

[Event "FRA T II 20102011"]
[Site "FRA"]
[Date "2010.10.17"]
[Round "1.2"]
[White "Saucey, Michel"]
[Black "Hutois, Mickael"]
[Result "1-0"]
[WhiteElo "2318"]
[BlackElo "2120"]
[PlyCount "72"]
[EventDate "2010.11.13"]
[EventType "team-match"]
[EventRounds "9"]
[EventCountry "FRA"]
[Source "FFE"]
[SourceDate "2010.10.29"]
[WhiteTeamCountry "FRA"]
[BlackTeamCountry "FRA"]

1. d4 d5 2. c4 e6 3. Nc3 Nf6 4. cxd5 exd5 5. Bg5 Be7 6. e3 h6 7. Bh4 O-O 8. Nf3
Nbd7 9. Bd3 b6 10. O-O Bb7 11. Qc2 c5 12. Rfd1 c4 13. Bf5 g6 14. Bh3 Nh5 15.
Bxe7 Qxe7 16. g3 f5 17. Bg2 Nhf6 18. b3 Rfc8 19. bxc4 dxc4 20. d5 Qc5 21. e4
fxe4 22. Nxe4 Qf8 23. Nc3 Qf7 24. Rd4 Rc5 25. Rad1 Re8 26. a4 a6 27. Qb1 Kg7
28. Qb2 Kh7 29. h4 Qg7 30. Qb4 Kh8 31. Rxc4 a5 32. Qb3 Nxd5 33. Nb5 Rec8 34.
Rcd4 N5f6 35. Qd3 Bxf3 36. Qxf3 Nd5 {suite illisible} 1-0

[Event "FRA T II 20102011"]
[Site "FRA"]
[Date "2010.10.17"]
[Round "1.1"]
[White "Bleunven, Andre"]
[Black "Boudre, Jean Pierre"]
[Result "1/2-1/2"]
[WhiteElo "2253"]
[BlackElo "2313"]
[PlyCount "71"]
[EventDate "2010.11.13"]
[EventType "team-match"]
[EventRounds "9"]
[EventCountry "FRA"]
[Source "FFE"]
[SourceDate "2010.10.29"]
[WhiteTeamCountry "FRA"]
[BlackTeamCountry "FRA"]

1. d4 Nf6 2. Nf3 e6 3. c4 Bb4+ 4. Nbd2 b6 5. e3 Bb7 6. Bd3 O-O 7. O-O d5 8. b3
Nbd7 9. Bb2 Qe7 10. Qc2 Rac8 11. a3 Bxd2 12. Nxd2 c5 13. dxc5 dxc4 14. Nxc4
Qxc5 15. Qe2 Rfd8 16. Rfd1 Qc6 17. f3 Nc5 18. Ne5 Qc7 19. Bc2 Bd5 20. Rac1 Qe7
21. b4 Ncd7 22. Nxd7 Nxd7 23. Ba4 Nf8 24. Rxc8 Rxc8 25. Rc1 Rxc1+ 26. Bxc1 Qc7
27. Qc2 Qxc2 28. Bxc2 b5 29. a4 a6 30. axb5 axb5 31. Bd3 Bc6 32. Bb2 Nd7 33.
Kf2 g6 34. f4 f5 35. Bd4 Kf7 36. g3 1/2-1/2

[Event "FRA T II 20102011"]
[Site "FRA"]
[Date "2010.10.17"]
[Round "1.7"]
[White "Algaba, Pedro"]
[Black "Vilain, Thomas"]
[Result "0-1"]
[WhiteElo "1924"]
[BlackElo "1773"]
[PlyCount "68"]
[EventDate "2010.11.13"]
[EventType "team-match"]
[EventRounds "9"]
[EventCountry "FRA"]
[Source "FFE"]
[SourceDate "2010.10.29"]
[WhiteTeamCountry "FRA"]
[BlackTeamCountry "FRA"]

1. e4 e5 2. Nf3 Nc6 3. Bb5 f5 4. Bxc6 dxc6 5. Nxe5 Qd4 6. Nf3 Qxe4+ 7. Qe2
Qxe2+ 8. Kxe2 Bd6 9. Re1 Ne7 10. b3 O-O 11. Bb2 Nd5 12. Kf1 b6 13. Na3 Ba6+ 14.
d3 Nb4 15. Kg1 Rfe8 16. Ne5 Re6 17. f4 Rae8 18. Kf2 h6 19. Re3 Nd5 20. Rf3 Nxf4
21. Nxc6 Re2+ 22. Kf1 Rxg2 23. Nc4 Rxc2 24. Nd4 Rxh2 25. Nxd6 cxd6 26. Bc3 Nd5
27. Kg1 Rh4 28. Bb2 Rf4 29. Rxf4 Nxf4 30. Nxf5 Re2 31. Bxg7 Rg2+ 32. Kh1 Bb7
33. Bd4 Ne2 34. Rf1 Rg1+ 0-1

[Event "FRA T II 20102011"]
[Site "FRA"]
[Date "2010.10.17"]
[Round "1.3"]
[White "Herdier, Goulwenn"]
[Black "Ippoliti, Giuliano"]
[Result "1-0"]
[WhiteElo "2132"]
[BlackElo "2115"]
[PlyCount "65"]
[EventDate "2010.11.13"]
[EventType "team-match"]
[EventRounds "9"]
[EventCountry "FRA"]
[Source "FFE"]
[SourceDate "2010.10.29"]
[WhiteTeamCountry "FRA"]
[BlackTeamCountry "FRA"]

1. e4 c5 2. Nf3 e6 3. c3 Nf6 4. Qc2 Nc6 5. a3 b6 6. d4 cxd4 7. cxd4 Bb7 8. Nc3
d6 9. Qa4 Nd7 10. Be3 Be7 11. Bb5 Ncb8 12. b4 O-O 13. O-O Nf6 14. Bd3 a6 15.
Qc2 h6 16. h3 Nbd7 17. Rac1 Rc8 18. Qb1 Re8 19. Nd2 e5 20. f4 Bf8 21. Qb3 b5
22. a4 bxa4 23. Qxa4 Ra8 24. Qb3 Nb6 25. Bb1 exf4 26. Bxf4 d5 27. Be5 dxe4 28.
Ndxe4 Nfd5 29. Nc5 Bc6 30. Qc2 g6 31. Rxf7 Kxf7 32. Qxg6+ Ke7 33. Qe6# 1-0

[Event "FRA T II 20102011"]
[Site "FRA"]
[Date "2010.10.17"]
[Round "1.2"]
[White "Lepigoche, Cyril"]
[Black "Le Masle, Raphael"]
[Result "1-0"]
[WhiteElo "2094"]
[BlackElo "2095"]
[PlyCount "53"]
[EventDate "2010.11.13"]
[EventType "team-match"]
[EventRounds "9"]
[EventCountry "FRA"]
[Source "FFE"]
[SourceDate "2010.10.29"]
[WhiteTeamCountry "FRA"]
[BlackTeamCountry "FRA"]

1. c4 Nf6 2. Nc3 c5 3. Nf3 g6 4. g3 Bg7 5. Bg2 O-O 6. O-O d5 7. cxd5 Nxd5 8.
Qb3 Nc7 9. d3 Ne6 10. e3 Nc6 11. Rd1 Qd7 12. Ne2 b6 13. Bh3 Qd6 14. Bd2 Ned4
15. Nfxd4 Nxd4 16. exd4 Bxh3 17. dxc5 Qxc5 18. Nf4 Bf5 19. Rac1 Qd6 20. Bb4 Qd7
21. d4 Rfe8 22. d5 Rac8 23. Rxc8 Rxc8 24. Re1 Re8 25. Bc3 Bh6 26. Ng2 Rc8 27.
Ne3 {suite illisible} 1-0

[Event "FRA T II 20102011"]
[Site "FRA"]
[Date "2010.10.17"]
[Round "1.5"]
[White "Valette, Christian"]
[Black "Hubert, Raphael"]
[Result "*"]
[WhiteElo "2100"]
[BlackElo "1978"]
[PlyCount "49"]
[EventDate "2010.11.13"]
[EventType "team-match"]
[EventRounds "9"]
[EventCountry "FRA"]
[Source "FFE"]
[SourceDate "2010.10.29"]
[WhiteTeamCountry "FRA"]
[BlackTeamCountry "FRA"]

1. Nf3 d5 2. c4 d4 3. g3 c5 4. Bg2 Nc6 5. d3 e5 6. O-O Bd6 7. e3 Nge7 8. exd4
cxd4 9. Re1 O-O 10. Nbd2 Bf5 11. Ne4 Ng6 12. a3 Re8 13. b4 Bxe4 14. dxe4 Rc8
15. c5 Be7 16. Qd3 a5 17. Bd2 b6 18. Bh3 Rb8 19. b5 Na7 20. cxb6 Qxb6 21. a4
Bd6 22. Rec1 Ne7 23. Ne1 f5 24. exf5 Kh8 25. Qe4 {suite illisible} *

[Event "FRA T II 20102011"]
[Site "FRA"]
[Date "2010.10.17"]
[Round "1.3"]
[White "Monteau, Luc"]
[Black "Bourges, Jerome"]
[Result "1-0"]
[WhiteElo "2141"]
[BlackElo "2110"]
[PlyCount "47"]
[EventDate "2010.11.13"]
[EventType "team-match"]
[EventRounds "9"]
[EventCountry "FRA"]
[Source "FFE"]
[SourceDate "2010.10.29"]
[WhiteTeamCountry "FRA"]
[BlackTeamCountry "FRA"]

1. e4 e6 2. d4 d5 3. Nc3 Nf6 4. e5 Nfd7 5. f4 c5 6. Nf3 Nc6 7. Be3 Qb6 8. Na4
Qa5+ 9. c3 cxd4 10. b4 Nxb4 11. cxb4 Bxb4+ 12. Bd2 Bxd2+ 13. Nxd2 b5 14. Nb2
Nb6 15. a4 Nc4 16. axb5 Qc3 17. Bxc4 dxc4 18. Nbxc4 O-O 19. O-O Bb7 20. Qa4 d3
21. Rf2 Bd5 22. Nd6 f6 23. N2e4 Qc7 24. Qd4 {suite illisible} 1-0

[Event "FRA T II 20102011"]
[Site "FRA"]
[Date "2010.10.17"]
[Round "1.6"]
[White "Ternault, Mathieu"]
[Black "Brient, Yoann"]
[Result "1-0"]
[WhiteElo "2071"]
[BlackElo "1952"]
[PlyCount "44"]
[EventDate "2010.11.13"]
[EventType "team-match"]
[EventRounds "9"]
[EventCountry "FRA"]
[Source "FFE"]
[SourceDate "2010.10.29"]
[WhiteTeamCountry "FRA"]
[BlackTeamCountry "FRA"]

1. d4 Nf6 2. c4 g6 3. Nc3 Bg7 4. e4 d6 5. Nf3 O-O 6. Be2 Na6 7. O-O e5 8. d5
Nc5 9. Qc2 a5 10. Bg5 h6 11. Be3 Qe7 12. Nd2 Bd7 13. Nb5 c6 14. Nc3 Na6 15. a3
cxd5 16. cxd5 Rfc8 17. Nc4 Nc5 18. Nb6 Ncxe4 19. Nxa8 Nxc3 20. Nb6 Nxe2+ 21.
Qxe2 Rf8 22. Rac1 Bf5 1-0

[Event "FRA T II 20102011"]
[Site "FRA"]
[Date "2010.10.17"]
[Round "1.5"]
[White "Duboue, Peio"]
[Black "Egreteau, Eric"]
[Result "1-0"]
[WhiteElo "2067"]
[BlackElo "2018"]
[PlyCount "39"]
[EventDate "2010.11.13"]
[EventType "team-match"]
[EventRounds "9"]
[EventCountry "FRA"]
[Source "FFE"]
[SourceDate "2010.10.29"]
[WhiteTeamCountry "FRA"]
[BlackTeamCountry "FRA"]

1. e4 d6 2. d4 Nf6 3. Nc3 Nbd7 4. Nf3 e5 5. Bc4 Be7 6. dxe5 dxe5 7. Bxf7+ Kxf7
8. Ng5+ Kg6 9. h4 h5 10. Qf3 Nc5 11. Qg3 Ng4 12. f3 Bxg5 13. Bxg5 Qd4 14. fxg4
Bxg4 15. Rd1 Qc4 16. Qxe5 Rae8 17. Be7 Nxe4 18. Rd3 Nxc3 19. Rxc3 Qa4 20. O-O
1-0